| 000 | 00616nam a2200121Ia 4500 | ||
|---|---|---|---|
| 008 | 171212s9999 xx 000 0 und d | ||
| 020 | _a9780833086938 | ||
| 100 | _aYoung, Stephanie;Willis, Henry H.;Moore, Melinda;Engstrom, Jeffrey | ||
| 245 |
_cYoung, Stephanie;Willis, Henry H.;Moore, Melinda;Engstrom, Jeffrey _aMeasuring Cooperative Biological Engagement Program (CBEP) Performance _bCapacities, Capabilities, and Sustainability Enablers for Biorisk Management and Biosurveillance |
||
| 260 |
_bRAND Corporation _c2014 |
||
| 650 | _aBiological Sciences | ||
| 856 | _uhttp://www.jstor.org/stable/10.7249/j.ctt14bs34r | ||
| 999 |
_c352306 _d352306 |
||